000 00382nam a2200181Ia 4500
100 _aNutt/Gary
650 _aOperating systems
250 _a3
942 _cBK
366 _f20
654 _aoperating systems
245 _aOperating Systems
260 _bPearson Education
_aMumbai
_c2004
082 _a005.43/NUT
_bNUT
300 _a928
546 _aENGLISH
999 _c34418
_d34418